<?xml version="1.0" encoding="UTF-8"?>
<marc:record xmlns:marc="http://www.loc.gov/MARC21/slim">
   <marc:leader>00000nam a2200000 a 4500</marc:leader>
   <marc:datafield ind1="1" ind2=" " tag="100">
      <marc:subfield code="a">Brooke-Hitching, Edward</marc:subfield>
      <marc:subfield code="4">aut</marc:subfield>
      <marc:subfield code="e">Verfasser/-in</marc:subfield>
   </marc:datafield>
   <marc:datafield ind1="1" ind2=" " tag="100">
      <marc:subfield code="a">Wolff, Lutz-W.</marc:subfield>
   </marc:datafield>
   <marc:datafield ind1=" " ind2=" " tag="653">
      <marc:subfield code="a">Teufel</marc:subfield>
   </marc:datafield>
   <marc:datafield ind1="0" ind2="0" tag="245">
      <marc:subfield code="a">Der Atlas des Teufels</marc:subfield>
   </marc:datafield>
   <marc:datafield ind1="0" ind2="0" tag="245">
      <marc:subfield code="b">eine Erkundung des Himmels, der Hölle und des Jenseits</marc:subfield>
   </marc:datafield>
   <marc:datafield ind1="0" ind2="0" tag="245">
      <marc:subfield code="c">Edward Brooke-Hitching ; aus dem Englischen von Lutz-W. Wolff</marc:subfield>
   </marc:datafield>
   <marc:datafield ind1=" " ind2="1" tag="264">
      <marc:subfield code="a">München</marc:subfield>
      <marc:subfield code="b">Knesebeck</marc:subfield>
      <marc:subfield code="c">2022</marc:subfield>
   </marc:datafield>
   <marc:datafield ind1=" " ind2=" " tag="250">
      <marc:subfield code="a">Deutsche Erstausgabe, 2. Auflage</marc:subfield>
   </marc:datafield>
   <marc:datafield ind1="1" ind2=" " tag="520">
      <marc:subfield code="a">Edward Brooke-Hitching hat für sein neues Meisterwerk einen Pakt mit dem Teufel geschlossen. Der Atlas des Teufels nimmt uns mit zu den Himmeln, Höllen und Ländern der Toten, wie sie sich die Kulturen und Religionen der Welt im Laufe der Geschichte vorgestellt haben. In außergewöhnlichen Karten, wunderschönen Gemälden und fesselnden Geschichten begegnen wir Engeln und Dämonen, der Höllenkartografie der Renaissance, islamischen Paradiesvorstellungen und mystischen Visionsbildern des Gartens Eden. Kommen Sie mit auf eine einmalige Reise durch die Geografie, Geschichte und zu übernatürlichen Bewohnern der Jenseitswelten unterschiedlichster Kulturen rund um den Globus!</marc:subfield>
   </marc:datafield>
   <marc:datafield ind1=" " ind2=" " tag="020">
      <marc:subfield code="a">9783957286109</marc:subfield>
      <marc:subfield code="9">9783957286109</marc:subfield>
   </marc:datafield>
   <marc:datafield ind1=" " ind2=" " tag="020">
      <marc:subfield code="a">3957286107</marc:subfield>
      <marc:subfield code="9">3957286107</marc:subfield>
   </marc:datafield>
   <marc:datafield ind1=" " ind2=" " tag="300">
      <marc:subfield code="a">255 Seiten : Illustrationen</marc:subfield>
   </marc:datafield>
</marc:record>
